How to get started in the real estate appraisal business

Bibliographic Details
Main Author: Nahorney, Daniel J.
Other Authors: Lankarge, Vicki
Format: Book
Language:English
Published: New York : McGraw-Hill , 2006
Subjects:

MARC

LEADER 00000cam a2200000 7i4500
001 0000020881
005 20090107.0
008 081105s -usa i eng
020 |a 0071463232 
040 |a INS 
090 0 0 |a HD1389.5.U6   |b N34 2006 
100 1 |a Nahorney, Daniel J. 
245 1 0 |a How to get started in the real estate appraisal business   |c Daniel J. Nahorney   |f foreword by Vicki Lankarge 
260 |a New York :   |b McGraw-Hill ,   |c 2006 
300 |a xv, 222p. :   |b ill. ;   |c 23cm. 
500 |a Includes index 
650 0 0 |a New business enterprises   |z United States   |x Planning 
650 0 0 |a Real estate appraisers   |x Certification   |z United States 
650 0 0 |a Real estate appraisers   |x Vacational guidance   |z United States 
650 0 0 |a Real property   |x Valuation   |z United States 
700 1 |a Lankarge, Vicki 
999 |a 0000020236   |b BOOK   |c Open Shelf   |e Default branch